Gestió patrimonial : manual de normes i procediments : actualització 2017 manual de normes i procediments : actualització 2017
Publicado:
Barcelona :
Diputació de Barcelona, Àrea de Presidència, Servei d'Assistència a la Gestió Econòmica Local ,
2017
Descripción Física:
311 pàgines : 30 cm
Materias:
Patrimoni dels ens locals -- Espanya -- Reglaments i procediment
; Béns immobles -- Administració -- Espanya
; Manuals, vademècums, etc.
Idioma:
Catalán
MARC
| LEADER | 00000nam a2200000 a 4500 | ||
|---|---|---|---|
| 001 | 25626 | ||
| 003 | Arxiu | ||
| 005 | 20260324181113.0 | ||
| 008 | 220524b spa||||| |||| 00| 0 cat d | ||
| 017 | |a DL B 20811-2017 | ||
| 080 | |a Bib-570 | ||
| 110 | 1 | |a Barcelona (Catalunya : Província). |b Diputació |9 52408 | |
| 245 | 0 | 0 | |a Gestió patrimonial : |b manual de normes i procediments : actualització 2017 |
| 250 | |a Sisena edició | ||
| 260 | |a Barcelona : |b Diputació de Barcelona, Àrea de Presidència, Servei d'Assistència a la Gestió Econòmica Local, |c agost de 2017 | ||
| 300 | |a 311 pàgines : |c 30 cm | ||
| 650 | 0 | |a Patrimoni dels ens locals |x Espanya |x Reglaments i procediment |9 27591 |2 Arxiu | |
| 650 | 0 | |a Béns immobles |x Administració |9 53168 |z Espanya | |
| 655 | 0 | |9 52956 |a Manuals, vademècums, etc. | |
| 710 | 1 | |a Barcelona (Catalunya : Província). |b Servei d’Assistència a la Gestió Econòmica Local |9 53081 | |
| 942 | |2 udc |c ARXIU |n 1 | ||
| 952 | |0 0 |1 0 |4 0 |6 BIB570 |7 1 |9 62010 |a Arxiu |b Arxiu |d 2022-05-24 |l 0 |o Bib-570 |p 25626 |r 2022-05-24 00:00:00 |w 2022-05-24 |y ARXIU | ||
| 999 | |c 81727 |d 81727 | ||